000 00306nam a2200133Ia 4500
005 20251222154430.0
008 251222s9999||||xx |||||||||||||| ||spa||
082 _a863.64/R84
100 _aRosas, Patrick
245 0 _aQuieto Veneno
250 _a1ra.ed.
264 _bEditorial San Marcos
942 _cLIB
999 _c36386
_d36386